000 00499nam a2200145 4500
999 _c11433
_d11433
008 181204b ||||| |||| 00| 0 eng d
022 _a2094-8042
082 _aDPer 050 T48 Apr-June 2016 v. 187, n. 12-24
100 _932781
_aParker, Trey.
245 _aFelix Kjellberg (a.k.a. PewDiePie):
_bthe pied piper of youtube/
_cTrey Parker.
260 _aHong Kong;
_bTime Asia,
_cc2016.
300 _av187 n16-17, page 25:
_billustrations;
_c27 cm.
650 0 _932782
_aComputer games.
942 _2ddc
_cPER